Most Popular Pizza Toppings - Statistics

General Stats
  • This quiz has been taken 1,083 times
  • The average score is 7 of 10
Answer Stats
Answer % Correct
Pepperoni
94%
Extra Cheese
92%
Pineapple
82%
Mushrooms
74%
Onions
73%
Sausage
73%
Black Olives
69%
Green Peppers
66%
Bacon
64%
Spinach
22%
No matching quizzes found
Score Distribution
Percent of People with Each Score
Percentile by Number Answered
Your Score History
You have not taken this quiz